000 00410nam a2200205Ia 4500
003 IT-RoPAU
008 120407s9999 xx 000 0 und d
040 _aIT-RoPAU
040 _cIT-RoPAU
041 _aita
100 _aAlberti Rafael
245 _aL’albero perduto
250 _aRoma
260 _aEditori Riuniti
260 _c1976
300 _c cm
490 _v1
942 _cBK
999 _c120
_d120